Najdôležitejšie zmeny v duálnom vzdelávaní

Podrobná bibliografia
Hlavný autor: (red) (Autor)
Médium: Článok
Jazyk:slovenčina
ISSN:0231-6463
Predmet:

MARC

LEADER 00000nab a2200000 4500
001 vtls011857713
003 SK-MaSNL
005 20260304141314.0
008 190325|2019 xo |||| ||a ||00 0|slo
015 |a SNBRB2019/03 
040 |a SPKCL  |b slo  |e rda 
041 |a slo  |b slo 
044 |a xo  |c SK 
072 7 |a 377  |x Odborné vzdelávanie  |2 konspekt 
072 7 |a 342.53  |x Zákonodarstvo  |2 konspekt 
080 |a 37.091  |2 2011 
080 |a 342.537.3/.5  |2 2011 
080 |a 377  |2 2011 
100 1 |a (red)  |4 aut  |9 848321 
245 1 0 |a Najdôležitejšie zmeny v duálnom vzdelávaní  |c [autor] (red) 
336 |a text  |b txt  |2 rdacontent 
337 |a bez média  |b n  |2 rdamedia 
338 |a zväzok  |b nc  |2 rdacarrier 
546 |a Slovenské resumé 
648 7 |a 2018  |2 SPKCL  |9 351415 
650 0 7 |a legislatíva  |2 SNKPH  |9 121217 
650 0 7 |a duálne vzdelávanie  |2 SPKCL  |9 71654 
650 0 7 |a odborné vzdelávanie  |2 SNKPH  |9 4335 
650 0 7 |a školy  |2 SNKPH  |9 1276 
650 0 7 |a zamestnávatelia  |2 SNKPH  |9 13672 
773 0 |t Rodina a škola  |g Roč. 68, č. 3 (2019), s. 23  |x 0231-6463 
999 |c 2918331  |d 2920261